[Event "Oceania zt"]
[Site "Nadi"]
[Date "2013.05.09"]
[Round "8"]
[White "Lane, Gary William"]
[Black "Wang, Oscar Miao"]
[Result "1-0"]
[WhiteElo "2412"]
[BlackElo "2008"]
[PlyCount "79"]
[EventDate "2013.05.05"]
[EventType "swiss"]
[EventRounds "9"]
[EventCountry "FIJ"]
[SourceTitle "CBM 154 Extra"]
[Source "ChessBase"]
[SourceDate "2013.06.25"]
[SourceVersion "2"]
[SourceVersionDate "2013.06.25"]
[SourceQuality "1"]

1. e4 c5 2. Nf3 e6 3. d4 cxd4 4. Nxd4 Nf6 5. Nc3 Nc6 6. Ndb5 d6 7. Bf4 e5 8. Bg5 a6 9. Na3 b5 10. Nd5 Qa5+ 11. Bd2 Qd8 12. c4 b4 13. Nxb4 Nxb4 14. Bxb4 Qb6 15. Nc2 Nxe4 16. Qe2 Bb7 17. Qe3 Qxe3+ 18. Nxe3 g6 19. Rd1 Be7 20. Be2 Nc5 21. Nd5 Bxd5 22. Rxd5 Rb8 23. Ba3 f5 24. b3 Kf7 25. Bxc5 dxc5 26. Rxe5 Rhd8 27. Rd5 Ke6 28. 0-0 a5 29. Rfd1 a4 30. bxa4 Rxd5 31. cxd5+ Kd6 32. a5 Rb2 33. Bc4 Rb4 34. Rc1 Bg5 35. Rc2 Rb1+ 36. Bf1 Kxd5 37. a6 Rb4 38. Rc4 Rxc4 39. Bxc4+ Kc6 40. Bg8 1-0

[Event "Doeberl Cup 49th"]
[Site "Canberra"]
[Date "2011.04.21"]
[Round "1"]
[White "Morris, James"]
[Black "Wang, Oscar Miao"]
[Result "1-0"]
[WhiteElo "2227"]
[BlackElo "1936"]
[PlyCount "81"]
[EventDate "2011.04.21"]
[EventType "swiss"]
[EventRounds "9"]
[EventCountry "AUS"]
[SourceTitle "CBM 141 Extra"]
[Source "ChessBase"]
[SourceDate "2011.05.03"]
[SourceVersion "1"]
[SourceVersionDate "2011.05.03"]
[SourceQuality "1"]

1. d4 Nf6 2. c4 g6 3. Nf3 Bg7 4. Nc3 0-0 5. Bf4 d6 6. h3 c6 7. e3 a6 8. Be2 b5 9. 0-0 Bb7 10. Qb3 Qa5 11. a3 Nbd7 12. Bh2 Ra7 13. Qa2 bxc4 14. Bxc4 Nb6 15. Be2 c5 16. Rfc1 cxd4 17. b4 Qf5 18. Nxd4 Qd7 19. b5 Nfd5 20. Rab1 Nxc3 21. Rxc3 Be4 22. Rd1 axb5 23. Bxb5 Qb7 24. f3 Bd5 25. Qc2 Qa8 26. e4 Bb7 27. Nc6 Bxc6 28. Rxc6 Nd7 29. a4 Rd8 30. Kh1 Ne5 31. Rc7 Bf6 32. Rc1 Rxc7 33. Qxc7 g5 34. Bg1 Kh8 35. a5 h5 36. Qa7 g4 37. Qxa8 Rxa8 38. a6 gxf3 39. a7 Rg8 40. g3 h4 41. g4 1-0

[Event "Oceania zt"]
[Site "Rotorua"]
[Date "2011.01.28"]
[Round "6"]
[White "Wang, Oscar Miao"]
[Black "Zulfic, Fedja"]
[Result "1/2-1/2"]
[WhiteElo "1942"]
[BlackElo "2024"]
[PlyCount "46"]
[EventDate "2011.01.25"]
[EventType "swiss"]
[EventRounds "9"]
[EventCountry "NZL"]
[SourceTitle "CBM 140 Extra"]
[Source "ChessBase"]
[SourceDate "2011.03.01"]
[SourceVersion "1"]
[SourceVersionDate "2011.03.01"]
[SourceQuality "1"]

1. g3 d5 2. Bg2 Nf6 3. Nf3 e6 4. d3 b6 5. 0-0 Bb7 6. Nbd2 Nbd7 7. c3 Bc5 8. b4 Bd6 9. Bb2 c5 10. b5 0-0 11. Re1 a6 12. a4 axb5 13. axb5 Rxa1 14. Qxa1 Qa8 15. h3 h6 16. Qxa8 Rxa8 17. Ra1 Kf8 18. Ne1 Ke8 19. c4 Be5 20. Bxe5 Nxe5 21. Rxa8+ Bxa8 22. e4 dxe4 23. dxe4 g5 1/2-1/2

[Event "AUS-ch U18"]
[Site "Mooroolbark"]
[Date "2011.01.20"]
[Round "6"]
[White "Ng, Isaac"]
[Black "Wang, Oscar Miao"]
[Result "1/2-1/2"]
[WhiteElo "1766"]
[BlackElo "1801"]
[PlyCount "65"]
[EventDate "2011.01.15"]
[EventType "swiss"]
[EventRounds "9"]
[EventCountry "AUS"]
[SourceTitle "EXT 2013"]
[Source "ChessBase"]
[SourceDate "2012.11.22"]
[SourceVersion "1"]
[SourceVersionDate "2012.11.22"]
[SourceQuality "1"]

1. d4 g6 2. c4 Bg7 3. Nc3 Nf6 4. e4 0-0 5. Be2 d6 6. Bg5 Nc6 7. Qd2 e5 8. d5 Nd4 9. f3 c5 10. g4 h6 11. Be3 h5 12. h3 Nh7 13. 0-0-0 h4 14. f4 exf4 15. Bxf4 g5 16. Be3 Be5 17. Nf3 Nxf3 18. Bxf3 f6 19. Rdf1 a6 20. Be2 Bd7 21. Kb1 Rb8 22. Bg1 b5 23. Bh2 Qe7 24. Bxe5 fxe5 25. Bd3 b4 26. Ne2 Rxf1+ 27. Rxf1 Rf8 28. Qd1 Rf7 29. Ng1 Nf8 30. Rxf7 Qxf7 31. Qf3 Ng6 32. Qxf7+ Kxf7 33. b3 1/2-1/2

[Event "AUS-ch U18"]
[Site "Mooroolbark"]
[Date "2011.01.15"]
[Round "1"]
[White "Daenke, Stephen"]
[Black "Wang, Oscar Miao"]
[Result "1/2-1/2"]
[WhiteElo "1569"]
[BlackElo "1801"]
[PlyCount "69"]
[EventDate "2011.01.15"]
[EventType "swiss"]
[EventRounds "9"]
[EventCountry "AUS"]
[SourceTitle "EXT 2013"]
[Source "ChessBase"]
[SourceDate "2012.11.22"]
[SourceVersion "1"]
[SourceVersionDate "2012.11.22"]
[SourceQuality "1"]

1. d4 Nf6 2. c4 g6 3. Nc3 Bg7 4. e4 0-0 5. Bd3 d6 6. Nge2 c5 7. d5 Bd7 8. 0-0 a6 9. Ng3 b5 10. cxb5 axb5 11. Bxb5 Bxb5 12. Nxb5 Na6 13. Nc3 Nd7 14. Qe2 Qc7 15. Bg5 Nb6 16. Rfc1 Qb7 17. Rab1 Rfb8 18. a3 Nc8 19. Be3 Qd7 20. Nf1 Nc7 21. Nd2 Nb5 22. Nxb5 Rxb5 23. Nc4 Rab8 24. Qd2 Nb6 25. Nxb6 R8xb6 26. b4 Rb8 27. Qc2 Qb7 28. Bd2 Rb6 29. Qc4 h5 30. Rb3 Qd7 31. Rcb1 Qa4 32. Qd3 Rb5 33. g3 Bf6 34. h4 R5b7 35. Bc3 1/2-1/2

[Event "AUS-ch Major"]
[Site "Cammeray"]
[Date "2011.01.05"]
[Round "4"]
[White "Wang, Oscar Miao"]
[Black "Nakauchi, Gene"]
[Result "1/2-1/2"]
[WhiteElo "1942"]
[BlackElo "2149"]
[PlyCount "112"]
[EventDate "2011.01.02"]
[EventType "swiss"]
[EventRounds "11"]
[EventCountry "AUS"]
[SourceTitle "CBM 140 Extra"]
[Source "ChessBase"]
[SourceDate "2011.03.01"]
[SourceVersion "1"]
[SourceVersionDate "2011.03.01"]
[SourceQuality "1"]

1. e4 c5 2. Nf3 e6 3. c3 d5 4. exd5 Qxd5 5. d4 Nf6 6. Bd3 Be7 7. 0-0 0-0 8. Be3 cxd4 9. cxd4 Nc6 10. Nc3 Qd6 11. a3 b6 12. Qe2 Bb7 13. Rad1 Rac8 14. Rfe1 Na5 15. Ne5 Qd8 16. Bb1 Bxa3 17. Bg5 Be7 18. Qd3 g6 19. Qh3 Nh5 20. Bh6 Ng7 21. Ba2 Nc6 22. Nxc6 Rxc6 23. d5 Rd6 24. Bf4 Rxd5 25. Nxd5 exd5 26. Qf3 Bb4 27. Bd2 Bxd2 28. Rxd2 Qg5 29. Red1 Re8 30. h3 Nf5 31. Bxd5 Bxd5 32. Rxd5 h5 33. Qd3 Qe7 34. Rd7 Qe5 35. Qd5 Qxd5 36. R1xd5 Re1+ 37. Kh2 Ra1 38. Rd1 Ra2 39. R1d2 h4 40. R7d3 Kf8 41. Ra3 Rxa3 42. bxa3 Ke7 43. Rc2 Kd7 44. g3 hxg3+ 45. fxg3 Ne3 46. Rc3 Nd5 47. Rf3 Ke6 48. g4 g5 49. Kg3 b5 50. Rb3 a6 51. Rb1 Ke5 52. Rf1 f6 53. Rd1 a5 54. h4 gxh4+ 55. Kxh4 b4 56. axb4 axb4 1/2-1/2

[Event "Sydney op"]
[Site "Parramatta"]
[Date "2010.04.10"]
[Round "7"]
[White "Wang, Oscar Miao"]
[Black "Buciu, Aurel John"]
[Result "1-0"]
[WhiteElo "1943"]
[BlackElo "1701"]
[PlyCount "119"]
[EventDate "2010.04.07"]
[EventType "swiss"]
[EventRounds "9"]
[EventCountry "AUS"]
[SourceTitle "CBM 135 Extra"]
[Source "ChessBase"]
[SourceDate "2010.05.04"]
[SourceVersion "1"]
[SourceVersionDate "2010.05.04"]
[SourceQuality "1"]

1. d4 d5 2. Nf3 Bf5 3. c4 c6 4. Nc3 e6 5. Bf4 Nf6 6. Qb3 Qc8 7. e3 Be7 8. Be2 Nbd7 9. 0-0 Ne4 10. Nxe4 Bxe4 11. Ne5 0-0 12. c5 Bf6 13. Ng4 Be7 14. f3 Bf5 15. Nf2 h6 16. Bd3 Bxd3 17. Qxd3 f5 18. Qd2 Kh7 19. Nd3 Bf6 20. Bd6 Re8 21. Qc3 Be7 22. Bg3 Bf6 23. b4 b5 24. a4 a6 25. Rf2 Qb7 26. Ra3 Bg5 27. Re2 Bf6 28. Rea2 Bg5 29. Kf2 Bf6 30. Qa1 bxa4 31. Rxa4 Qb5 32. Qc3 Kg6 33. Ra5 Qb7 34. Qa3 Nb8 35. Ke2 Bd8 36. Ra4 Bc7 37. Ne5+ Kf6 38. Kf2 Rg8 39. h3 Re8 40. Bh2 Rg8 41. Kg1 h5 42. Qc3 g6 43. Qe1 Rh8 44. Bf4 Bxe5 45. Bxe5+ Kf7 46. Bxh8 Nd7 47. Be5 Nxe5 48. dxe5 Qb5 49. Qc3 h4 50. Ra5 Qb7 51. R2a4 g5 52. Qd3 Qb8 53. f4 Kg6 54. Rxa6 Rxa6 55. Qxa6 gxf4 56. exf4 d4 57. Qxc6 d3 58. Qxe6+ Kg7 59. Qd7+ Kg6 60. Ra6+ 1-0

[Event "Sydney op"]
[Site "Parramatta"]
[Date "2010.04.08"]
[Round "4"]
[White "Johansen, Darryl Keith"]
[Black "Wang, Oscar Miao"]
[Result "1-0"]
[WhiteElo "2457"]
[BlackElo "1943"]
[PlyCount "89"]
[EventDate "2010.04.07"]
[EventType "swiss"]
[EventRounds "9"]
[EventCountry "AUS"]
[SourceTitle "CBM 135 Extra"]
[Source "ChessBase"]
[SourceDate "2010.05.04"]
[SourceVersion "1"]
[SourceVersionDate "2010.05.04"]
[SourceQuality "1"]

1. c4 e6 2. Nf3 Nf6 3. g3 Be7 4. Bg2 0-0 5. 0-0 d5 6. d4 b6 7. Nc3 Bb7 8. Ne5 Nbd7 9. Qa4 Nxe5 10. dxe5 Ne4 11. Nxe4 dxe4 12. Rd1 Qe8 13. Qc2 Rd8 14. Rxd8 Qxd8 15. Bxe4 Bxe4 16. Qxe4 Qd1+ 17. Kg2 Rd8 18. b3 Qd4 19. Qxd4 Rxd4 20. Be3 Rd7 21. Kf3 Kf8 22. Rc1 c6 23. Rc2 Ke8 24. Rd2 Bb4 25. Rd3 Kd8 26. g4 Kc7 27. h4 Be7 28. h5 Kc8 29. Ke4 Kc7 30. Bd2 a5 31. Be3 c5 32. Bc1 Kc6 33. Bb2 Kc7 34. Bc3 Kc6 35. f4 Kc7 36. Bd2 Kd8 37. f5 Bf8 38. Bg5+ Ke8 39. Bh4 Be7 40. Bxe7 exf5+ 41. gxf5 Kxe7 42. f6+ gxf6 43. exf6+ Ke6 44. Rxd7 Kxd7 45. Kd5 1-0

[Event "Doeberl Cup 48th"]
[Site "Canberra"]
[Date "2010.04.01"]
[Round "2"]
[White "McNamara, Gary John"]
[Black "Wang, Oscar Miao"]
[Result "1-0"]
[WhiteElo "2117"]
[BlackElo "1943"]
[PlyCount "57"]
[EventDate "2010.04.01"]
[EventType "swiss"]
[EventRounds "9"]
[EventCountry "AUS"]
[SourceTitle "CBM 135 Extra"]
[Source "ChessBase"]
[SourceDate "2010.05.04"]
[SourceVersion "1"]
[SourceVersionDate "2010.05.04"]
[SourceQuality "1"]

1. c4 e6 2. Nf3 Nf6 3. Nc3 Be7 4. d4 d5 5. e3 0-0 6. Bd3 b6 7. cxd5 Nxd5 8. e4 Nxc3 9. bxc3 Bb7 10. Qe2 c5 11. Bb2 cxd4 12. cxd4 Bb4+ 13. Kf1 Nd7 14. h4 Rc8 15. e5 Bc3 16. Bxh7+ Kh8 17. Ng5 g6 18. Bxc3 Rxc3 19. Qg4 Qc7 20. Rd1 Rc1 21. Kg1 Rxd1+ 22. Qxd1 Kg7 23. h5 Bd5 24. Rh4 Qd8 25. Qg4 Qe7 26. hxg6 fxg6 27. Bxg6 Rh8 28. Rxh8 Kxh8 29. Qh5+ 1-0

[Event "AUS-ch Major"]
[Site "Cammeray"]
[Date "2010.01.04"]
[Round "3"]
[White "Furst, Andrew"]
[Black "Wang, Oscar Miao"]
[Result "1-0"]
[WhiteElo "2010"]
[BlackElo "1748"]
[PlyCount "83"]
[EventDate "2010.01.02"]
[EventType "swiss"]
[EventRounds "11"]
[EventCountry "AUS"]
[SourceTitle "EXT 2011"]
[Source "ChessBase"]
[SourceDate "2010.11.26"]
[SourceVersion "1"]
[SourceVersionDate "2010.11.26"]
[SourceQuality "1"]

1. d4 Nf6 2. Nf3 g6 3. c4 Bg7 4. Nc3 0-0 5. e4 d6 6. Be2 e5 7. 0-0 Nc6 8. d5 Ne7 9. b4 Ne8 10. Re1 f5 11. c5 f4 12. Ng5 Rf6 13. Bb2 Kh8 14. Qb3 h6 15. Ne6 Bxe6 16. dxe6 Qc8 17. Nd5 Nxd5 18. exd5 Rf8 19. Bd3 g5 20. Bg6 Qd8 21. Rac1 Nf6 22. f3 Qe7 23. Rc2 Rfc8 24. h3 Qd8 25. cxd6 cxd6 26. Rec1 Rxc2 27. Rxc2 Rc8 28. Rxc8 Qxc8 29. Qd3 a6 30. Bf7 Qc7 31. Kh2 Bf8 32. a3 Bg7 33. Bc3 Bf8 34. Bd2 Bg7 35. Be1 Bf8 36. Bf2 Bg7 37. b5 axb5 38. Qxb5 Bf8 39. Bb6 Qc3 40. Bd8 e4 41. e7 Bxe7 42. Bxe7 1-0

[Event "Australian Young Masters"]
[Site "Rockdale"]
[Date "2009.10.11"]
[Round "9"]
[White "Wang, Oscar Miao"]
[Black "Guo, Emma"]
[Result "1/2-1/2"]
[WhiteElo "1872"]
[BlackElo "1920"]
[PlyCount "157"]
[EventDate "2009.10.06"]
[EventType "tourn"]
[EventRounds "9"]
[EventCountry "AUS"]
[SourceTitle "EXT 2023"]
[Source "ChessBase"]
[SourceDate "2022.10.05"]
[SourceVersion "1"]
[SourceVersionDate "2022.10.05"]
[SourceQuality "1"]

1. e4 c5 2. Nf3 e6 3. d4 cxd4 4. Nxd4 a6 5. Nc3 Qc7 6. Be2 Nf6 7. 0-0 d6 8. Be3 Be7 9. Bd3 0-0 10. f4 Nc6 11. Nb3 b5 12. a3 Bb7 13. Qf3 Rad8 14. Qh3 Rfe8 15. Kh1 Nd7 16. f5 exf5 17. Nd5 Qc8 18. Qxf5 Nce5 19. Rac1 Bxd5 20. exd5 Nf6 21. Rfd1 Qxf5 22. Bxf5 Nc4 23. Bd4 Nxd5 24. Bd3 Ne5 25. c4 Nxd3 26. Rxd3 bxc4 27. Rxc4 Bf6 28. Bg1 Ne7 29. Rc2 Nf5 30. g3 h6 31. Nd4 Bxd4 32. Bxd4 Re4 33. Bf2 d5 34. Rcd2 Ne7 35. Bc5 f6 36. Bxe7 Rxe7 37. Rxd5 Rxd5 38. Rxd5 Re1+ 39. Kg2 Re2+ 40. Kh3 Rxb2 41. Rd6 Kh7 42. Rxa6 f5 43. Ra5 Rf2 44. g4 Rf3+ 45. Kg2 fxg4 46. Ra4 h5 47. Ra5 Kh6 48. Ra6+ Kg5 49. Ra7 g6 50. a4 Kh4 51. Rb7 Ra3 52. Rb4 Ra2+ 53. Kg1 Kg5 54. Rb5+ Kf4 55. Rb4+ Ke3 56. Rb3+ Kd4 57. Rb6 Rxa4 58. Rxg6 Ke3 59. Rb6 h4 60. Re6+ Kf3 61. Rf6+ Rf4 62. Ra6 Re4 63. Rf6+ Ke3 64. Rf1 Ke2 65. Ra1 h3 66. Ra2+ Ke3 67. Ra1 Rb4 68. Ra3+ Kf4 69. Ra1 Rb2 70. Ra4+ Kg5 71. Ra5+ Kh4 72. Ra1 Rb3 73. Rc1 g3 74. Rc4+ Kg5 75. hxg3 Rxg3+ 76. Kh2 Ra3 77. Rb4 Ra2+ 78. Kxh3 Ra3+ 79. Kg2 1/2-1/2

[Event "Australian Young Masters"]
[Site "Rockdale"]
[Date "2009.10.10"]
[Round "8"]
[White "Brown, Andrew"]
[Black "Wang, Oscar Miao"]
[Result "1-0"]
[WhiteElo "2096"]
[BlackElo "1872"]
[PlyCount "63"]
[EventDate "2009.10.06"]
[EventType "tourn"]
[EventRounds "9"]
[EventCountry "AUS"]
[SourceTitle "EXT 2023"]
[Source "ChessBase"]
[SourceDate "2022.10.05"]
[SourceVersion "1"]
[SourceVersionDate "2022.10.05"]
[SourceQuality "1"]

1. d4 d5 2. Nf3 e6 3. c4 Nf6 4. Bg5 Be7 5. Nbd2 0-0 6. e3 Nbd7 7. a3 c5 8. cxd5 Nxd5 9. Bxe7 Qxe7 10. dxc5 Nxc5 11. b4 Nd7 12. Bc4 N7b6 13. Bd3 Bd7 14. Ne4 a6 15. 0-0 Rac8 16. Nc5 Bc6 17. Nd4 h6 18. Rc1 Be8 19. Qb3 Rc7 20. Rfd1 Nd7 21. Nf5 exf5 22. Qxd5 Nxc5 23. bxc5 g6 24. Be2 Bc6 25. Qd6 Qg5 26. g3 Rd7 27. Qxd7 Bxd7 28. Rxd7 Rb8 29. Bc4 Rf8 30. Rxb7 Qf6 31. c6 Kg7 32. Bxf7 1-0

[Event "Australian Young Masters"]
[Site "Rockdale"]
[Date "2009.10.09"]
[Round "6"]
[White "Setiabudi, Allen"]
[Black "Wang, Oscar Miao"]
[Result "0-1"]
[WhiteElo "1882"]
[BlackElo "1872"]
[PlyCount "99"]
[EventDate "2009.10.06"]
[EventType "tourn"]
[EventRounds "9"]
[EventCountry "AUS"]
[SourceTitle "EXT 2023"]
[Source "ChessBase"]
[SourceDate "2022.10.05"]
[SourceVersion "1"]
[SourceVersionDate "2022.10.05"]
[SourceQuality "1"]

1. e4 c5 2. Nc3 e6 3. f4 Nc6 4. Nf3 g6 5. Bb5 Nge7 6. e5 a6 7. Ne4 Ng8 8. Bxc6 dxc6 9. d3 Be7 10. Be3 Nh6 11. Bxc5 Bxc5 12. Nxc5 Qa5+ 13. c3 Qxc5 14. Ng5 Qe3+ 15. Qe2 Qxe2+ 16. Kxe2 b6 17. Ne4 Ke7 18. b4 Bb7 19. Nd6 Rab8 20. d4 Ba8 21. Rhg1 Nf5 22. Nc4 c5 23. g4 Ng7 24. Ne3 cxd4 25. cxd4 Be4 26. Rac1 Rbc8 27. Nc4 Bd5 28. Nxb6 Rxc1 29. Rxc1 Rb8 30. Rc7+ Ke8 31. Nc4 Bxc4+ 32. Rxc4 Kd7 33. Kd3 Ne8 34. Ke4 Nc7 35. f5 gxf5+ 36. gxf5 exf5+ 37. Kxf5 Nd5 38. Ke4 Nxb4 39. d5 Nxa2 40. e6+ fxe6 41. dxe6+ Kxe6 42. Rc6+ Kf7 43. Rxa6 Nc3+ 44. Kf3 Nd5 45. h3 Nf6 46. Kf4 Kg6 47. h4 Rb4+ 48. Ke5 Re4+ 49. Kd6 Rxh4 50. Ra1 0-1

[Event "Sydney op-A"]
[Site "Parramatta"]
[Date "2009.04.15"]
[Round "2"]
[White "Wang, Oscar Miao"]
[Black "Nakauchi, Gene"]
[Result "0-1"]
[WhiteElo "1910"]
[BlackElo "2076"]
[PlyCount "92"]
[EventDate "2009.04.15"]
[EventType "swiss"]
[EventRounds "9"]
[EventCountry "AUS"]
[SourceTitle "CBM 129 Extra"]
[Source "ChessBase"]
[SourceDate "2009.05.05"]
[SourceVersion "2"]
[SourceVersionDate "2009.05.20"]
[SourceQuality "1"]

1. e4 c5 2. Nf3 e6 3. d4 cxd4 4. Nxd4 a6 5. c4 Nf6 6. Nc3 d6 7. Be2 Qc7 8. 0-0 b6 9. Be3 Bb7 10. f3 Nbd7 11. a3 Be7 12. b4 0-0 13. Qb3 Rac8 14. Rac1 Rfe8 15. Rfd1 Qb8 16. Bf1 d5 17. cxd5 exd5 18. Nxd5 Nxd5 19. exd5 Bd6 20. g3 Rxc1 21. Bxc1 Bxg3 22. hxg3 Qxg3+ 23. Bg2 Re1+ 24. Rxe1 Qxe1+ 25. Kh2 Qxc1 26. Ne2 Qd2 27. Qc4 Bxd5 28. Qd4 Qxe2 29. Qxd5 Qe5+ 30. Qxe5 Nxe5 31. a4 a5 32. bxa5 bxa5 33. f4 Nc4 34. Kg3 Kf8 35. Bd5 Nb6 36. Bb3 Ke7 37. Bc2 Kd6 38. Kg4 Nd7 39. Kg5 h6+ 40. Kg4 Nc5 41. f5 Ke5 42. Kf3 h5 43. Kg3 Ne4+ 44. Kh4 Kxf5 45. Kxh5 Kf4 46. Kh4 Nf2 0-1